Idea wzajemnego zrozumienia i wychowania przeciw agresji w polskiej myśli politycznej (1939-1945)

Titel: Idea wzajemnego zrozumienia i wychowania przeciw agresji w polskiej myśli politycznej (1939-1945)
Verfasser:
In: Wychowanie a polityka, kultura polityczna a kształtowanie tożsamości społeczeństwa polskiego, (2008), Seite 81-99
alle Artikel anzeigen
Veröffentlicht: 2008
Format: Aufsatz
Sprache: Polnisch
Kein Bild verfügbar
X
alg: 39442847
001A    $01999:12-11-16 
001B    $01999:29-04-21 $t21:33:22.000 
001D    $01999:12-11-16 
001U    $0utf8 
001X    $00 
002@    $0Aox 
003@    $0394428471 
007A    $0394428471 $aHEB 
007T    $0Herdkk00041252 
010@    $apol 
011@    $a2008 
021A    $aIdea wzajemnego zrozumienia i wychowania przeciw agresji w polskiej myśli politycznej (1939-1945) 
028A    $aPonczek $dEugeniusz 
031A    $h81-99 $j2008 
039B    $aIn $8--Aax--. Wychowanie a polityka, kultura polityczna a kształtowanie tożsamości społeczeństwa polskiego. - Toruń : Wydaw. Nauk. UMK, 2008. - 293 $x200800000000000919 $9395709652 
045F    $a909 $eDDC23BSB 
045F/01 $a909 
045F/03 $g438 

lok: 39442847 78

exp: 39442847 78 1 #EPN
201B/01 $018-11-16 $t11:34:55.000 
201U/01 $0utf8 
203@/01 $0790538881 
208@/01 $a12-11-16 $be 
209A/01 $a/ $f000 $x00 
220C/01 $aHerkunft: PBB/IH PAN 
244Z/01 $2Trx $#Poola $#Lenkija $#Polija $#Polen Land $#Poland $#Lengyelország $#Poľsko $#Polsko $8--Trx--Polska$gkraj $x01 $9391345966 
244Z/01 $aGeschichte 1939-1945 $x02 
244Z/01 $2Trx $#poliitiline filosoofia $#politinė mintis $#political philosophy $#gondolkozás, politikai $#myśl polityczna $#myslenie, politické $#myšlení politické $#Ideen, politische $#myšlienky, politické $8--Trx--Denken, politisches $x03 $9391357778 
244Z/01 $2Trx $8--Trx--Einzelbeiträge $x04 $9391384570 
245Z/01 $a07.04 $x01 
247C/01 $82080>Marburg/Lahn, Herder-Institut, Forschungsbibliothek, Bibliographieportal $9336309341
LEADER 00000caa a22000002c 4500
001 394428471
003 DE-603
005 20210429213322.0
007 tu
008 161112s2008 xx |||| | u00||u|pol c
035 |a (DE-599)HEB394428471 
040 |a DE-603  |b ger  |c DE-603  |d DE-603 
041 |a pol 
082 0 4 |8 1\u  |a 909  |q DE-101  |2 23/BSB 
085 |8 1\u  |b 909 
085 |8 1\u  |z 2  |s 438 
100 1 |a Ponczek, Eugeniusz 
245 0 0 |a Idea wzajemnego zrozumienia i wychowania przeciw agresji w polskiej myśli politycznej (1939-1945) 
264 0 |c 2008 
773 0 8 |i In  |t Wychowanie a polityka, kultura polityczna a kształtowanie tożsamości społeczeństwa polskiego  |d Toruń : Wydaw. Nauk. UMK, 2008  |h 293  |g (2008), Seite 81-99  |w (DE-603)395709652 
924 0 |9 2080  |a (DE-603)790538881  |b DE-2080  |c HES  |d d  |g /